000 00734nam a2200241 i 4500
001 134809
003 ES-MaACL
005 20250815113537.0
007 t|
008 070628s1969 sp ||||1| spa d
080 _a541.124
080 _a536.75
100 1 _aThompson, J. J.
_9110087
245 1 0 _aIntroducción a la energética química /
_cJ.J. Thompson ; versión de Isabel Fernández Fernández.
250 _a[1ª ed.].
260 _aMadrid :
_bAlhambra,
_c[1969]
300 _aVIII, 154 p. :
_bil. ;
_c20 cm.
650 1 7 _aReacciones químicas
_2embne
_916682
650 1 4 _aEntropía.
_912328
700 1 _aFernández Fernández, Isabel.
_949775
852 _aES-MaACL
_jC-36019
_bR.69292
999 _c134809
_d134809